Années bissextiles - Mort subite - Statistiques

Statistiques générales
  • Ce quiz a été pris 244 fois
  • Le résultat moyen est 3 sur 15
Answers on the Grid
Answers color-coded by a green-red scale on the quiz's grid according to % correct below.
2002
1999
1666
2200
1735
1979
1000
1201
2050
2178
666
1769
995
2000
2004
744
1900
1952
2240
1824
1200
2036
3248
420
2092
996
1800
1600
2400
888
 
Statistiques - réponses
Réponse % Correct
2000
67%
2004
57%
2036
32%
2400
23%
2240
19%
1600
18%
1824
18%
996
18%
1952
17%
888
16%
1200
15%
2092
14%
420
14%
744
11%
3248
10%
Aucun quiz correspondant
Distribution des résultats
% des personnes avec chaque résultat
Percentile par nombre de réponses
Votre historique - résultats
Vous n’avez pas pris ce quiz